Biotechnological development of domestic rubber producing crops (Record no. 54822)

MARC details
000 -LEADER
fixed length control field 00461nam a2200169Ia 4500
100 ## - MAIN ENTRY--AUTHOR NAME
Personal name Cornish Katrina
245 #0 - TITLE STATEMENT
Title Biotechnological development of domestic rubber producing crops
260 ## - PUBLICATION, DISTRIBUTION, ETC. (IMPRINT)
Name of publisher Rubber World
Year of publication 2005
300 ## - PHYSICAL DESCRIPTION
Number of Pages 40-44
650 ## - SUBJECT ADDED ENTRY--TOPICAL TERM
Topical Term Rubber biosynthesis
700 ## - ADDED ENTRY--PERSONAL NAME
Personal name McMahan Colleen M
700 ## - ADDED ENTRY--PERSONAL NAME
Personal name Pearson Calvin H
700 ## - ADDED ENTRY--PERSONAL NAME
Personal name Ray Dennis T
700 ## - ADDED ENTRY--PERSONAL NAME
Personal name Shintani David K
942 ## - ADDED ENTRY ELEMENTS (KOHA)
Koha item type Journals
Holdings
Withdrawn status Lost status Damaged status Not for loan Home library Current library Shelving location Date acquired Serial Enumeration / chronology Koha item type
      Journals RRII Library RRII Library Guayule 17/12/2021 Volume 233, Issue 2 Journals